LEADER 01378nam a22002771i 4500 001 991001166309707536 005 20250403160413.0 008 040407s1946 it |||||||||||||||||ita 035 $ab12728548-39ule_inst 035 $aARCHE-070818$9ExL 040 $aDip.to Scienze Storiche$bita$cA.t.i. Arché s.c.r.l. Pandora Sicilia s.r.l. 082 04$a945.7084 111 2 $aConvegno di studi sui problemi del Mezzogiorno$d<1944 ;$cBari>$0119141 245 10$aAtti del convegno di studi sui problemi del Mezzogiorno :$bBari, 3-4-5 dicembre 1944 /$cediti a cura del Centro permanente pei problemi del Mezzogiorno 246 14$aDati storici e prospettive attuali della questione meridionale :$batti del convegno di studi meridionalistici 260 $aBari :$bTip. ed. Canfora & C.,$c1946 300 $a241 p. ;$c21 cm 500 $aTit. della cop. 650 4$aQuestione meridionale$xCongressi$y1944 710 2 $aCentro permanente pei problemi del Mezzogiorno$c$eauthor$4http://id.loc.gov/vocabulary/relators/aut$0119140 907 $a.b12728548$b23-06-21$c16-04-04 912 $a991001166309707536 945 $aLE002 Sal. I D 14$g1$i2002000079633$lle002$o-$pE0.00$q-$rn$so$t0$u0$v0$w0$x0$y.i12601159$z08-10-03 996 $aAtti del convegno di studi sui problemi del Mezzogiorno$91447341 997 $aUNISALENTO 998 $ale002$ale023$b15-11-11$cm$da$e-$fita$git$h0$i1